Evaluación de riesgos industriales en la empresa Servicios de Limpieza S. A. SERLISA ubicada en Managua
El presente estudio evalúa los riesgos existentes en la empresa Servicios de Limpieza S. A. SERLISA ubicada en Managua, además desarrolla un sistema de prevención de riesgos laborales con el objetivo de promover la mejora de la seguridad y salud de los trabajadores.
| Main Authors: | , |
|---|---|
| Other Authors: | |
| Format: | Tesis Section = Libro |
| Language: | Undetermined Spanish |
| Published: |
Managua
UNI
2013
|
| Subjects: |
| LEADER | 01087nam a2200253Ia 4500 | ||
|---|---|---|---|
| 008 | 240830s9999 xx 000 0 und d | ||
| 040 | |a BIBLIOTECA-RUPAP Mon 363.11 L864 | ||
| 041 | |a spa | ||
| 082 | |a Mon 363.11 L864 | ||
| 100 | 1 | |a López Martínez, Isabel Margarita | |
| 100 | 1 | |b Tinoco Salgado, Maricruz | |
| 245 | 1 | 0 | |a Evaluación de riesgos industriales en la empresa Servicios de Limpieza S. A. SERLISA ubicada en Managua |
| 260 | |a Managua |b UNI |c 2013 | ||
| 300 | |a 127 p. :il. | ||
| 500 | |a Contiene: anexos. | ||
| 502 | |a Tesis (Ingeniero Industrial)- UNI, 2013. | ||
| 520 | 3 | |a El presente estudio evalúa los riesgos existentes en la empresa Servicios de Limpieza S. A. SERLISA ubicada en Managua, además desarrolla un sistema de prevención de riesgos laborales con el objetivo de promover la mejora de la seguridad y salud de los trabajadores. | |
| 650 | 7 | |a RIESGOS OCUPACIONALES | |
| 650 | 7 | |b EVALUACIÓN DE RIESGOS | |
| 650 | 7 | |c PREVENCIÓN DE ACCIDENTES | |
| 700 | 1 | |a Tutor: |b Cáceres Antón, Juan Agustín | |
| 942 | |c BK |2 ddc | ||
| 991 | |a TESIS | ||
| 999 | |c 15462 | ||